Name the brand - Statistics

General Stats
  • This quiz has been taken 12 times
  • The average score is 7 of 16
Answer Stats
Hint Answer % Correct
Mustang ford
100%
Corvette Chevrolet
70%
Miata Mazda
70%
911 Porsche
70%
Supra Toyota
60%
Sierra GMC
50%
model y Tesla
50%
Q8 Audi
40%
M3 BMW
40%
Veyron Bugatti
40%
F40 Ferrari
40%
Huracan Lamborghini
30%
Agera Koenigsegg
20%
DB5 Aston Martin
10%
Emira Lotus
10%
P1 Mclaren
10%
No matching quizzes found
Score Distribution
Percent of People with Each Score
Percentile by Number Answered
Your Score History
You have not taken this quiz